Guess the Fusion Rock Song Lyrics #260 - Statistics

General Stats
  • This quiz has been taken 14 times
  • The average score is 133 of 215
Answer Stats
Answer % Correct
a
100%
And
100%
I
100%
to
100%
you
100%
You
100%
your
100%
can't
92%
do
92%
I'm
92%
it's
92%
me
92%
of
92%
the
92%
time
92%
when
92%
I've
83%
Just
83%
just
83%
like
83%
love
83%
my
83%
My
83%
say
83%
that
83%
think
83%
we
83%
but
75%
But
75%
know
75%
Oh
75%
oh
75%
we're
75%
heart
67%
I'd
67%
in
67%
long
67%
off
67%
baby
58%
Baby
58%
get
58%
things
58%
been
50%
forget
50%
good
50%
mind
50%
should
50%
such
50%
thought
50%
used
42%
honey
33%
knows
33%
Looks
33%
tried
33%
world
33%
Ooh
25%
through
25%
whole
25%
blue
17%
flame
17%
flicker
17%
Heaven
17%
misty
17%
Misty
17%
name
17%
Turns
17%
turns
17%
Deep
8%
Dorothy Moore
8%
glad
8%
lied
8%
mention
8%
Listen
0%
No matching quizzes found
Score Distribution
Percent of People with Each Score
Percentile by Number Answered
Your Score History
You have not taken this quiz